|
|
|
|
| LEADER |
00000nab a2200000 a 4500 |
| 001 |
vtls011560710 |
| 003 |
SK-MaSNL |
| 005 |
20260303210806.0 |
| 008 |
160616|20160601xo z||p 000 0 slo |
| 038 |
|
|
|a KEVKJB
|
| 040 |
|
|
|a KEVKJB
|b slo
|c KEVKJB
|e AACR2
|
| 041 |
0 |
|
|a slo
|
| 044 |
|
|
|a xo
|c SK
|
| 080 |
|
|
|a 625.712.5
|2 2011
|
| 245 |
0 |
0 |
|a Máme unikát - nemocničný francúzsky park
|c [autor] (JV)
|
| 300 |
|
|
|b Fotogr.
|
| 610 |
2 |
7 |
|a Univerzitná nemocnica L. Pasteura Košice
|2 kevkjb
|9 155401
|
| 650 |
0 |
7 |
|a parky
|z Košice (Slovensko)
|2 kevkjb
|9 97538
|
| 651 |
|
7 |
|a Košice (Slovensko)
|2 kevkjb
|9 18694
|
| 651 |
|
7 |
|a Rastislavova ulica (Košice, Slovensko)
|2 kevkjb
|9 218229
|
| 655 |
|
7 |
|a fotoreportáže
|2 kevkjb
|9 532991
|
| 700 |
1 |
|
|a Janušková, Veronika
|4 pht
|9 526840
|
| 773 |
0 |
|
|t košice:dnes
|g Roč. 3, č. 105 (1.6.2016), s. 12-13
|x 1339-7605
|
| 852 |
|
|
|a KEVKJB
|b KIS3GCP
|
| 856 |
4 |
1 |
|u http://www.kosicednes.sk/foto-udalost-mame-unikat-nemocnicny-francuzsky-park/
|
| 999 |
|
|
|c 2201749
|d 2203679
|